Urbanismo bioclimático
Gorde:
| Egile nagusia: | |
|---|---|
| Formatua: | Liburua |
| Hizkuntza: | gaztelania |
| Argitaratua: |
Barcelona
Gustavo Gili
2006
|
| Edizioa: | 1a. ed |
| Gaiak: | |
| Etiketak: |
Etiketa erantsi
Etiketarik gabe, Izan zaitez lehena erregistro honi etiketa jartzen!
|
MARC
| LEADER | 00000cam a2200000 a 4500 | ||
|---|---|---|---|
| 001 | UCH2743 | ||
| 003 | CL-VaPUC | ||
| 008 | 090624e20060000SP |||||||||||||||||spa|d | ||
| 020 | |a 9788425220715 | ||
| 082 | 0 | 4 | |a 711.42 |b HIG |2 21 |
| 100 | 0 | |a Higueras, Ester |e author |9 537758 | |
| 245 | 1 | 0 | |a Urbanismo bioclimático |
| 250 | |a 1a. ed | ||
| 300 | |a 241 p | ||
| 942 | |c BK | ||
| 945 | |d 20090624 00:00:00 |a cmena | ||
| 260 | |a Barcelona |b Gustavo Gili |c 2006 | ||
| 650 | 0 | |a Planificación urbana |9 258176 | |
| 650 | 0 | |a Impacto ambiental |9 262796 | |
| 650 | 0 | |a Desarrollo sustentable |9 333905 | |
| 650 | 0 | |a Climatología |9 262302 | |
| 650 | 0 | |a Protección del medio ambiente |9 257626 | |
| 583 | |a last modification |c 20111004 11:31:53 |k Rodrigo Vera | ||
| 999 | |c 334444 |d 334442 | ||
| 952 | |0 0 |1 0 |4 0 |6 711_420000000000000_HIG_2006 |7 0 |8 A |9 423495 |a BIBARQ |b BIBARQ |d 2019-11-22 |i 4569008 |o 711.42 HIG 2006 |p 4569008 |r 2025-01-20 |w 2019-11-22 |y BK |k ARQ | ||
| 952 | |0 0 |1 0 |4 0 |6 711_420000000000000_HIG_2006 |7 0 |8 A |9 423496 |a BIBARQ |b BIBARQ |d 2019-11-22 |i 4569016 |o 711.42 HIG 2006 |p 4569016 |r 2025-01-20 |w 2019-11-22 |y BK |k ARQ | ||